00406nam a22001217a 4500082001500000100002500015245003300040260005400073650002500127942000700152952010800159999001700267 a001.42 RAJ aRaju, Tadivaka Swami aResearch and Writing Methods aHyderabadbTelugu Theological Litrary Boardc2007 aResearch Methodology cBK 00104070aHMIbHMId2016-09-09eDr T Swami Rajul0o001.42 RAJp11003422r2026-01-16w2026-01-16yBK c20141d20141